| 000 | 00446nam a2200181Ia 4500 | ||
|---|---|---|---|
| 001 | 17518 | ||
| 005 | 20260306171523.0 | ||
| 008 | 260306s9999||||xx |||||||||||||| ||und|| | ||
| 041 | _aESP | ||
| 082 |
_a658 _bT73 |
||
| 100 |
_aTorres Hernández, Zacarías _eAUT |
||
| 245 | 0 | _aTeoría general de la administración | |
| 260 | _c2008 | ||
| 300 |
_axiv, 496 páginas : _c25 cm. |
||
| 650 | _aGEN | ||
| 654 | _aCAN | ||
| 942 |
_cLIB _dJUS _fJUS _2ddc _n |
||
| 999 |
_c17518 _d17518 |
||